01012nab a22002297a 4500999001500000003000400015005001700019008004100036040000700077100003200084245011100116260007300227300001300300500003700313505010100350505008100451650002300532650002500555650003400580773015500614942001300769 c6514d6514OSt20260218115309.0190429b xxu||||| |||| 00| 0 spa d cPJ 97047aBertazza, Humberto J.13aLa comisión de nuevas infracciones o delitos y sus efectos en la prescripción /cHumberto J. Bertazza. cCiudad Autónoma de Buenos Aires :aThomson Reuters La Ley, b2024. ap. 13-15 aCita: TR LALEY AR/DOC/3087/2023. aSumario: I. El tema.— II. Régimen Penal Tributario.— III. Ley de Procedimiento Tributario. tSi te interesa el texto completo, solicitalo a koha@justierradelfuego.gov.ar 09343aDERECHO PENAL 093092aPRESCRIPCIÓN 09573aPROCEDIMIENTO TRIBUTARIO0 0265893164tRevista de derecho penal y criminología. Nº 7 - Julio 2024dCiudad Autónoma de Buenos Aires : Thomson Reuters La Ley, 2017-x00347914 2udccANA